[Event "Scarborough CC Falling Leaves U1400"]
[Site "Toronto"]
[Date "2011.12.01"]
[Round "5"]
[White "Patel, Saiyam"]
[Black "Al Ganabi, Yasir"]
[Result "0-1"]
[WhiteElo "879"]
[BlackElo "1147"]
[PlyCount "40"]
[EventDate "2011.11.03"]
[EventType "swiss"]
[EventRounds "7"]
[EventCountry "CAN"]
[SourceTitle "EXT 2022"]
[Source "ChessBase"]
[SourceDate "2021.10.06"]
[SourceVersion "1"]
[SourceVersionDate "2021.10.06"]
[SourceQuality "1"]

1. e3 d5 2. Qf3 Nf6 3. c4 Bg4 4. Qg3 e6 5. f3 Bd6 6. Qh4 Bh5 7. f4 dxc4 8. e4 e5 9. d4 g6 10. fxe5 Bb4+ 11. Bd2 Bxd2+ 12. Nxd2 Ng4 13. Ngf3 Nc6 14. h3 Ne3 15. Bxc4 Nxg2+ 16. Kf2 Nxh4 17. Nh2 Qxd4+ 18. Kg3 Qxd2 19. Kxh4 Qf2+ 20. Kg5 h6# 0-1

[Event "Scarborough CC-ch Reserves U1700"]
[Site "Toronto"]
[Date "2011.03.10"]
[Round "3"]
[White "Al Ganabi, Yasir"]
[Black "Roy, Lawrence"]
[Result "1-0"]
[WhiteElo "1347"]
[BlackElo "1017"]
[PlyCount "65"]
[EventDate "2011.02.24"]
[EventType "swiss"]
[EventRounds "9"]
[EventCountry "CAN"]
[SourceTitle "EXT 2022"]
[Source "ChessBase"]
[SourceDate "2021.10.06"]
[SourceVersion "1"]
[SourceVersionDate "2021.10.06"]
[SourceQuality "1"]

1. e4 e5 2. Nf3 Nf6 3. Nc3 Bb4 4. d3 Bxc3+ 5. bxc3 Nc6 6. d4 d6 7. Bd3 0-0 8. Ba3 Re8 9. d5 Nxd5 10. exd5 e4 11. Bxe4 Rxe4+ 12. Kf1 Ne7 13. Qd3 Ra4 14. Bb4 b6 15. a3 Ba6 16. c4 Qe8 17. Re1 b5 18. Nd2 bxc4 19. Nxc4 c6 20. dxc6 d5 21. Rxe7 Qxe7 22. Bxe7 Bxc4 23. Qxc4 Rxc4 24. h4 Rxc2 25. Rh2 Rxc6 26. g4 h6 27. g5 hxg5 28. hxg5 Rac8 29. Kg2 Rc3 30. Rh5 g6 31. Rh6 Kg7 32. Bf6+ Kg8 33. Rh8# 1-0

[Event "Scarborough CC-ch Reserves U1700"]
[Site "Toronto"]
[Date "2010.03.18"]
[Round "4"]
[White "Pishdad, Hassan"]
[Black "Al Ganabi, Yasir"]
[Result "1-0"]
[WhiteElo "1422"]
[BlackElo "1395"]
[PlyCount "53"]
[EventDate "2010.02.25"]
[EventType "swiss"]
[EventRounds "9"]
[EventCountry "CAN"]
[SourceTitle "EXT 2022"]
[Source "ChessBase"]
[SourceDate "2021.10.06"]
[SourceVersion "1"]
[SourceVersionDate "2021.10.06"]
[SourceQuality "1"]

1. e4 e5 2. Nf3 Nc6 3. Nc3 Bb4 4. a3 Bxc3 5. dxc3 Nf6 6. Bd3 0-0 7. Bg5 h6 8. Bh4 d6 9. Qd2 Bg4 10. 0-0-0 Bxf3 11. gxf3 Qc8 12. Bxf6 Qe6 13. Bxg7 Kxg7 14. Rdg1+ Kh7 15. Kb1 Rg8 16. f4 Qf6 17. f5 a6 18. Bc4 b5 19. Bd5 Rxg1+ 20. Rxg1 Rg8 21. Rxg8 Kxg8 22. Bxc6 d5 23. Qxd5 Kg7 24. Qd7 Qd6 25. Qe8 h5 26. Bd5 Qf8 27. Qxe5+ 1-0

[Event "Scarborough CC Frost U1700"]
[Site "Toronto"]
[Date "2010.01.07"]
[Round "1"]
[White "Al Ganabi, Yasir"]
[Black "Veecock, Carl"]
[Result "1-0"]
[WhiteElo "1316"]
[BlackElo "1544"]
[PlyCount "93"]
[EventDate "2010.01.07"]
[EventType "swiss"]
[EventRounds "6"]
[EventCountry "CAN"]
[SourceTitle "EXT 2011"]
[Source "ChessBase"]
[SourceDate "2010.11.26"]
[SourceVersion "1"]
[SourceVersionDate "2010.11.26"]
[SourceQuality "1"]

1. e4 c6 2. Nf3 d5 3. exd5 Qxd5 4. Nc3 Qd8 5. Bc4 e6 6. 0-0 Nf6 7. d4 Be7 8. Re1 0-0 9. Bf4 Bb4 10. Qd3 Nd5 11. Bxd5 exd5 12. Ng5 g6 13. a3 Bf5 14. Qg3 Bxc3 15. Qxc3 Nd7 16. Bd6 Re8 17. Rxe8+ Qxe8 18. Re1 Qd8 19. Re7 Be6 20. Nxe6 fxe6 21. Qf3 Qf8 22. Rxd7 Qxf3 23. gxf3 b5 24. Bc7 a6 25. Rd8+ Rxd8 26. Bxd8 Kf7 27. Bb6 Kf6 28. Kg2 e5 29. Kg3 Kf5 30. c3 e4 31. fxe4+ Kxe4 32. h4 h5 33. Bc5 Kd3 34. Kf4 Kc2 35. b4 Kxc3 36. Kg5 Kb3 37. Kxg6 Kxa3 38. Kxh5 a5 39. bxa5+ Ka4 40. a6 b4 41. a7 b3 42. a8Q+ Kb5 43. Qb7+ Kc4 44. Qb4+ Kd3 45. Qxb3+ Ke4 46. Qe3+ Kf5 47. Qe5# 1-0

[Event "Scarborough CC Falling Leaves U1700"]
[Site "Toronto"]
[Date "2009.11.19"]
[Round "3"]
[White "Souchko, Larissa"]
[Black "Al Ganabi, Yasir"]
[Result "1-0"]
[WhiteElo "1248"]
[BlackElo "1476"]
[PlyCount "79"]
[EventDate "2009.11.05"]
[EventType "swiss"]
[EventRounds "7"]
[EventCountry "CAN"]
[SourceTitle "EXT 2011"]
[Source "ChessBase"]
[SourceDate "2010.11.26"]
[SourceVersion "1"]
[SourceVersionDate "2010.11.26"]
[SourceQuality "1"]

1. e4 e5 2. Nf3 Nc6 3. Bb5 d6 4. c3 Bd7 5. 0-0 a6 6. Ba4 Nf6 7. Re1 b5 8. Bc2 b4 9. d4 exd4 10. cxd4 Be7 11. h3 0-0 12. e5 dxe5 13. dxe5 Ne8 14. Qd3 g6 15. Bh6 Ng7 16. Nbd2 Re8 17. Bb3 Na5 18. Bxf7+ Kxf7 19. Qd5+ Be6 20. Qxa5 c5 21. Qa4 Qd7 22. Qc2 Nf5 23. Rad1 Nxh6 24. h4 Bg4 25. Ne4 Qc6 26. Rd3 Bxf3 27. Rxf3+ Kg7 28. Rf4 Bf8 29. Ng5 Qd5 30. e6 Be7 31. Qc1 Bxg5 32. hxg5 Ng8 33. Qe3 Qxg5 34. Rf7+ Kh6 35. Rxh7+ Kxh7 36. Qxg5 Rac8 37. Re3 Ne7 38. Rh3+ Kg7 39. Qe5+ Kg8 40. Qh8# 1-0

[Event "Toronto Howard Ridout op"]
[Site "Toronto"]
[Date "2009.10.29"]
[Round "8"]
[White "Al Ganabi, Yasir"]
[Black "Smith, Maurice"]
[Result "0-1"]
[WhiteElo "1400"]
[BlackElo "1683"]
[PlyCount "98"]
[EventDate "2009.09.10"]
[EventType "swiss"]
[EventRounds "8"]
[EventCountry "CAN"]
[SourceTitle "EXT 2011"]
[Source "ChessBase"]
[SourceDate "2010.11.26"]
[SourceVersion "1"]
[SourceVersionDate "2010.11.26"]
[SourceQuality "1"]

1. e4 c5 2. Nc3 d6 3. Nf3 Nf6 4. d3 g6 5. Bg5 Bg7 6. Bxf6 Bxf6 7. Be2 0-0 8. 0-0 Nc6 9. Qd2 Bg7 10. Rfe1 a6 11. h3 b5 12. Nd5 e6 13. Nc3 Bb7 14. Nh2 Nd4 15. a3 Qb6 16. Bf3 Rad8 17. b4 Nxf3+ 18. Nxf3 Rc8 19. e5 Bxf3 20. gxf3 Bxe5 21. f4 Bg7 22. bxc5 Qxc5 23. Ne4 Qxc2 24. Rac1 Qxd2 25. Nxd2 d5 26. Rxc8 Rxc8 27. Nf3 Rc3 28. Rd1 d4 29. Kg2 Rxa3 30. Kg3 a5 31. h4 b4 32. Ne1 b3 33. Rb1 a4 34. f3 Ra2 35. Kg4 Bf8 36. Kg3 Bb4 37. Ng2 Bc3 38. h5 Ra1 39. Rxa1 Bxa1 40. hxg6 hxg6 41. Nh4 b2 42. Kg4 b1Q 43. f5 Qg1+ 44. Kh3 Bc3 45. Ng2 Qh1+ 46. Kg3 Qg1 47. Kh3 exf5 48. Nf4 Be1 49. Ng2 Qh1# 0-1

[Event "Toronto Howard Ridout op"]
[Site "Toronto"]
[Date "2009.10.15"]
[Round "6"]
[White "Al Ganabi, Yasir"]
[Black "Marcille, Gord"]
[Result "0-1"]
[WhiteElo "1400"]
[BlackElo "1855"]
[PlyCount "98"]
[EventDate "2009.09.10"]
[EventType "swiss"]
[EventRounds "8"]
[EventCountry "CAN"]
[SourceTitle "EXT 2011"]
[Source "ChessBase"]
[SourceDate "2010.11.26"]
[SourceVersion "1"]
[SourceVersionDate "2010.11.26"]
[SourceQuality "1"]

1. e4 c5 2. Nc3 Nc6 3. Bb5 a6 4. Bxc6 dxc6 5. d3 e5 6. Nf3 Bg4 7. 0-0 Qf6 8. Bg5 Bxf3 9. Bxf6 Bxd1 10. Raxd1 Nxf6 11. Ne2 Bd6 12. Ng3 g6 13. c4 Ng4 14. Rfe1 0-0 15. h3 Nh6 16. Ne2 f5 17. Nc3 Bc7 18. f3 Ba5 19. Re2 Bxc3 20. bxc3 f4 21. a4 Rfd8 22. Rb2 Rd7 23. Kf2 Nf7 24. g4 Nd6 25. Ke2 b5 26. cxb5 cxb5 27. a5 Rad8 28. Rc2 Nc4 29. Ra2 Ne3 30. Rdd2 c4 31. dxc4 Rxd2+ 32. Rxd2 Rxd2+ 33. Kxd2 Nxc4+ 34. Kc2 Nxa5 35. Kb2 Kf7 36. g5 Nc4+ 37. Kb3 a5 38. Kc2 a4 39. Kb1 a3 40. Ka2 Ke6 41. Kb3 Kd6 42. Ka2 Kc6 43. Kb3 Kc5 44. Ka2 b4 45. cxb4+ Kxb4 46. Kb1 Kb3 47. Ka1 a2 48. h4 Ne3 49. h5 Nc2# 0-1

[Event "Toronto Howard Ridout op"]
[Site "Toronto"]
[Date "2009.09.24"]
[Round "3"]
[White "Zhou, Kevin"]
[Black "Al Ganabi, Yasir"]
[Result "1-0"]
[WhiteElo "1826"]
[BlackElo "1400"]
[PlyCount "79"]
[EventDate "2009.09.10"]
[EventType "swiss"]
[EventRounds "8"]
[EventCountry "CAN"]
[SourceTitle "EXT 2011"]
[Source "ChessBase"]
[SourceDate "2010.11.26"]
[SourceVersion "1"]
[SourceVersionDate "2010.11.26"]
[SourceQuality "1"]

1. e4 e5 2. Nf3 Nc6 3. Bb5 d6 4. 0-0 Nf6 5. Re1 a6 6. Ba4 Bd7 7. c3 d5 8. exd5 Nxd5 9. Nxe5 Nxe5 10. Rxe5+ Ne7 11. d4 Bxa4 12. Qxa4+ c6 13. Nd2 Qd6 14. Qa5 f6 15. Re1 g6 16. Ne4 Qe6 17. Bf4 Nf5 18. Nxf6+ Ke7 19. Rxe6+ Kxe6 20. Qe5+ Kf7 21. Re1 Bd6 22. Qe6+ Kg7 23. Bxd6 Nxd6 24. Qxd6 Rhf8 25. Re7+ Rf7 26. Ne8+ Kf8 27. Rxf7+ Kxf7 28. Qd7+ Kf8 29. Qg7+ Kxe8 30. Qg8+ Ke7 31. Qxa8 Kf7 32. Qxb7+ Kf6 33. Qxc6+ Kg7 34. d5 h5 35. d6 Kh6 36. h4 g5 37. d7+ Kg7 38. d8R Kf7 39. Rd7+ Kf8 40. Qc8# 1-0

[Event "Toronto Howard Ridout op"]
[Site "Toronto"]
[Date "2009.09.10"]
[Round "1"]
[White "Al Ganabi, Yasir"]
[Black "Morra, Lui"]
[Result "0-1"]
[WhiteElo "1400"]
[BlackElo "1612"]
[PlyCount "88"]
[EventDate "2009.09.10"]
[EventType "swiss"]
[EventRounds "8"]
[EventCountry "CAN"]
[SourceTitle "EXT 2011"]
[Source "ChessBase"]
[SourceDate "2010.11.26"]
[SourceVersion "1"]
[SourceVersionDate "2010.11.26"]
[SourceQuality "1"]

1. e4 c5 2. Nf3 e6 3. Nc3 Nc6 4. Bb5 a6 5. Bxc6 bxc6 6. d3 Qc7 7. 0-0 e5 8. Re1 Nf6 9. Bg5 Be7 10. Bxf6 Bxf6 11. h3 Rb8 12. Na4 d6 13. b3 Be6 14. Qd2 0-0 15. Rac1 Rfd8 16. Qe2 Qa5 17. Red1 Qc7 18. Kf1 Qe7 19. Kg1 Bc8 20. Kf1 d5 21. Kg1 Kh8 22. Kf1 g5 23. Nh2 Rg8 24. f3 a5 25. Kg1 Ba6 26. c4 dxe4 27. dxe4 Rbd8 28. Rxd8 Rxd8 29. Rd1 Rd4 30. Qe1 Qd6 31. Nc3 a4 32. Kf2 Bd8 33. Rc1 Ba5 34. Ke2 axb3 35. axb3 Qb8 36. Rb1 Qb4 37. Na2 Rd2+ 38. Kf1 Rxa2 39. Qxb4 Bxb4 40. Ng4 Bc3 41. Ne3 Rb2 42. Rxb2 Bxb2 43. Nd1 Bd4 44. g4 Kg7 0-1